| 000 | 02141cam a22004934i 4500 | ||
|---|---|---|---|
| 003 | PE-LiUPU | ||
| 005 | 20250731172812.0 | ||
| 008 | 150617s r 000 0 d | ||
| 020 | _a847020212X | ||
| 035 | _a(Sirsi) i9788470202124 | ||
| 040 |
_aPE-LiUPU _bspa _cPE-LiUPU _erda |
||
| 049 | _aPRUA | ||
| 082 | 0 | 4 |
_a248.3 _bM43 _221 |
| 100 | 1 |
_aMerton, Tomas, _eautor. |
|
| 245 | 1 | 0 |
_aDirección y Contemplación : _bdirección espiritual y meditación y ¿Qué es contemplación? / _cTomás Merton ; [traducción por María Luisa Lezcano]. |
| 264 | 1 |
_aMadrid : _bSociedad de Educación Atenas, _c1986. |
|
| 300 |
_a147 páginas ; _c19 centímetros |
||
| 336 |
_atext _2rdacontent |
||
| 337 |
_aunmediated _2rdamedia |
||
| 338 |
_avolume _2rdacarrier |
||
| 490 | 0 |
_aAzenai ; _v6 |
|
| 505 | 0 | _aDirección espiritual y meditación: Dirección espiritual. ¿Qué es meditación?. Meditación en la escritura. ¿Cómo hacer la meditación. Temperamento y oración mental. -¿Qué es contemplación?: Las promesas de Cristo. Santo Tomás de Aquino. Clases de contemplación. Contemplación activa. Liturgia. Unión con Dios en la actividad. Contemplación infusa. San Bernardo de Claraval. "Un rayo de oscuridad". La prueba. Paz, recogimiento y deseo. Lo que hay que hacer: la enseñanza de San Juan de la Cruz. El peligro del quietismo. | |
| 526 | _aSEG42 | ||
| 526 | _aSEG41 | ||
| 526 | _aSEG40 | ||
| 526 | _aSEG39 | ||
| 526 | _aP94 | ||
| 526 | _aP87 | ||
| 526 | _aP86 | ||
| 526 | _aP85 | ||
| 526 | _aP77 | ||
| 526 | _aP76 | ||
| 526 | _aP35 | ||
| 650 | 0 | 4 | _aDirección espiritual. |
| 650 | 0 | 4 | _aMeditación. |
| 700 | 1 |
_aLezcano, María Luisa, _etraductor. |
|
| 910 |
_ajck _bjvq _cjck _d20150616 |
||
| 942 |
_2ddc _cBOOK |
||
| 949 |
_a248.3 M43 _wDEWEY _c1 _i29067 _lCCODEBUL1 _mBUL _r0 _sY _tBOOK _u2015-6-17 _xTEOLOGIA _PP35 _0COMPRA _o.STAFF. Colección General |
||
| 994 |
_aC0 _bPEPRU |
||
| 596 | _a1 | ||
| 999 |
_a248.3 M43 _wDEWEY _c3916 _i29067 _d3916 _f2021-11-11 _g5 _lCCODEBUL1 _mBUL _q1 _r0 _sY _tBOOK _u2015-6-17 _xTEOLOGIA _PP35 _0COMPRA _o.STAFF. Colección General |
||
| 980 |
_81 _gALBERTO SANCHEZ Responsable de Automatización |
||